000 00581nam a2200205Ia 4500
003 OSt
005 20250506124045.0
008 210423s2009 xx 000 0 und d
020 _a9788126910465
040 _cAL
041 _aeng
082 _a801.95
_223
_bPATD
100 _aBijay Ketan Pattanayak
_987585
245 _aDynamics of twentieth century literary criticism
260 _aNew Delhi
_bAtlantic Publishers and Distributors
_c2009
300 _ax,165
365 _b450
_cINR
906 _acentury ; criticism. ; Dynamics ; literary ; twentieth
942 _2ddc
_cBK
999 _c157353
_d157353